| 000 | 00659nam a2200217 c 4500 | ||
|---|---|---|---|
| 999 |
_c7744 _d7744 |
||
| 001 | a7287117 | ||
| 003 | OSt | ||
| 005 | 20230608171705.0 | ||
| 008 | 230518s sp | |||| 000 spa | ||
| 017 |
_aM 5603-2023 _bOficina Depósito Legal Madrid |
||
| 020 | _a9788441547940 | ||
| 040 |
_aCDMR _cCDMR _bcat |
||
| 100 |
_94851 _aLópez, Alberto |
||
| 245 |
_aAgencia de marketing digital _b: creación, gestión y crecimiento _c/ Alberto López |
||
| 260 |
_aMadrid _b: Anaya Multimedia _c, 2023 |
||
| 300 | _a268 pàgines | ||
| 490 | _aSocial Business | ||
| 650 | 0 |
_94161 _aMàrqueting digital _xDirecció i administració |
|
| 942 |
_2udc _cMON |
||
| 956 | _a2 | ||